[Event "Hamar Ridabu School B"]
[Site "Hamar"]
[Date "2019.11.21"]
[Round "6"]
[White "Teum, Erlend"]
[Black "Berg, Arda"]
[Result "1/2-1/2"]
[WhiteElo "1237"]
[BlackElo "1257"]
[PlyCount "72"]
[EventDate "2019.09.05"]
[EventType "swiss"]
[EventRounds "7"]
[EventCountry "NOR"]
[SourceTitle "EXT 2024"]
[Source "ChessBase"]
[SourceDate "2023.10.10"]
[SourceVersion "1"]
[SourceVersionDate "2023.10.10"]
[SourceQuality "1"]

1. e4 c5 2. Nf3 d6 3. Nc3 Nf6 4. Bc4 e6 5. 0-0 Be7 6. d3 0-0 7. Bd2 a6 8. a3 b5 9. Ba2 Bb7 10. Ne2 Nbd7 11. Ng3 d5 12. exd5 exd5 13. Nf5 Re8 14. Nxe7+ Qxe7 15. Bf4 c4 16. d4 Qe2 17. Re1 Qxd1 18. Raxd1 h6 19. c3 Rxe1+ 20. Rxe1 Re8 21. Rxe8+ Nxe8 22. Bb1 Kf8 23. h4 Ke7 24. g4 Nd6 25. Ne5 Nxe5 26. Bxe5 f6 27. Bg3 Bc8 28. f3 g5 29. Kf2 Nb7 30. hxg5 hxg5 31. Bc7 Nd6 32. Bxd6+ Kxd6 33. Kg3 Bd7 34. f4 Be6 35. fxg5 fxg5 36. Bf5 Ke7 1/2-1/2